00326 2200133 4500245005800000100002700058650001700085650001600102005001900118260001800137041001400155084001400169336000900183 aMy Journey Through TimecRaisyah Almira WirawanhText aRaisyah Almira Wirawan aAutobiografi aKarya Siswa a20250521140239 aJakartac2025 aIndonesia a081 RAI m atext